Challacó. (Registro nro. 2460)
[ vista simple ]
| 000 -LEADER | |
|---|---|
| fixed length control field | 01270nam a2200205 a 4500 |
| 008 - CAMPO DE CONTROL (LIBRO) | |
| fixed length control field | 170223t2011 ag a|||g |||| 001 | spa d |
| 020 ## - INTERNATIONAL STANDARD BOOK NUMBER | |
| ISBN | 9789876042611 |
| 041 ## - CODIGO DE IDIOMA | |
| Código de idioma del texto/pista de sonido o título separado | spa |
| 092 ## - SIGNATURA TOPOGRAFICA DEWEY LOCAL | |
| número de clasificación | 982.72 |
| libristica | 55 |
| sección | NAR |
| 100 1# - ENTRADA PRINCIPAL--NOMBRE PERSONAL | |
| Nombre personal | Narbona, Luis Alberto |
| Función | Comp. |
| 9 (RLIN) | 3292 |
| 245 ## - TITULO PROPIAMENTE DICHO | |
| Título | Challacó. |
| Subtítulo y Título paralelo | Historia de voluntades / |
| Mención de responsabilidad y remanente de la transcripción de la portada | Luis Alberto Narbona |
| 250 ## - MENCION DE EDICION | |
| Mención de edición | 1a ed. |
| Mención de responsabilidad relacionada con la ed. | Correción Liliana Falcone |
| 260 ## - PIE DE IMPRENTA | |
| Lugar de publicación, distribución, etc | Neuquén: |
| Nombre de la editorial, distribuidor, etc | EDUCO; |
| Fecha de publicación | 2011. |
| 300 ## - DESCRIPCION FISICA | |
| Extension | 194 p. |
| Otros detalles físicos | 16x23 cm |
| 500 ## - NOTA GENERAL | |
| Nota general | Narbona, L. A. (2011). Challacó. Historia de voluntades. (1a ed.). Neuquén : EDUCO. |
| 505 ## - NOTA DE CONTENIDO | |
| Nota de contenido formateada | La presente complicación tiene por objetivo dejar documentada referencias sobre las decisiones políticas de la creación de la Universidad de Neuquén, de la Facultad de Ingeniería en Challacó, las ideas que impulsaban las distintas acciones, el proceso de nacionalización de la Universidad, la historia de movimiento estudiantil y su vinculación con el medio que interactuaba, anécdotas de vida cotidiana, los espacios de sociabilización, las prácticas y organización deportiva; reflexiones y consecuencias sobre aquella experiencia educativa y profundamente humana. |
| 590 ## - NOTAS LOCALES (RLIN) | |
| Nota local | Proyecto 4to libro.Donación EDUCO, Septiembre 2017. |
| 655 ## - MATERIA - GENERO/FORMA | |
| Género/Forma | Historia regional |
| -- | 3273 |
| 942 ## - ADDED ENTRY ELEMENTS (KOHA) | |
| Source of classification or shelving scheme | Dewey Decimal Classification |
| Item type | LITERATURA |
| Estado de retiro | Existencia | Fuente de clasificación | Estado general | No para prestamo | Ubicación permanente | ubicación actual | Sala de ubicación | Fecha de adquisición | Fuente de adquisición | Total Checkouts | Número de clasificación | Código de barras | Date last seen | Número de ejemplar | Price effective from | Koha tipo de elemento (item) | Public note |
|---|---|---|---|---|---|---|---|---|---|---|---|---|---|---|---|---|---|
| Dewey Decimal Classification | Biblioteca Medicina | Biblioteca Medicina | Circulación | 20/09/2017 | Proyecto 4to libro. Donación EDUCO, Septiembre 2017. | 982.72 55 NAR | 3920 | 20/09/2017 | Ej. 1 | 20/09/2017 | LITERATURA | Proyecto 4to libro. Donación EDUCO, Septiembre 2017. |